An Assessment of The Contribution of Monitoring and Evaluation in Improving Dairy Farming A Case of the State Department for Livestock and Selected Farms in Nairobi County, Kenya
Sábháilte in:
| Príomhchruthaitheoir: | |
|---|---|
| Formáid: | LEABHAR |
| Teanga: | Béarla |
| Foilsithe / Cruthaithe: |
Nairobi
Daystar University
2024
|
| Ábhair: | |
| Clibeanna: |
Níl clibeanna ann, Bí ar an gcéad duine le clib a chur leis an taifead seo!
|
MARC
| LEADER | 00000nam a22000007a 4500 | ||
|---|---|---|---|
| 003 | OSt | ||
| 005 | 20250829112638.0 | ||
| 008 | 250829b |||||||| |||| 00| 0 eng d | ||
| 040 | |a DUL |b Eng |c DUL |d GKanini | ||
| 050 | |a SF239.K4D57 2024 | ||
| 100 | |a Diru, Dennis |e author | ||
| 245 | |a An Assessment of The Contribution of Monitoring and Evaluation in Improving Dairy Farming |b A Case of the State Department for Livestock and Selected Farms in Nairobi County, Kenya |c by Dennis Diru | ||
| 260 | |a Nairobi |b Daystar University |c 2024 | ||
| 300 | |a xiv, 109 p |b ill | ||
| 500 | |a A thesis presented to the School of Applied Human Sciences of Daystar University Nairobi, Kenya in partial fulfilment of the requirements for the degree of Master of Arts in Monitoring and Evaluation | ||
| 650 | |a dairy farming |v evaluation | ||
| 942 | |2 lcc |c THES |h SF239 |i .K4D57 |k THES |m 2024 |6 SF0239 K4 D57 | ||
| 952 | |0 0 |1 0 |2 lcc |4 0 |6 SF0239 K4 D57 02024 |7 0 |8 AFR |9 143941 |a DUA |b DUA |c AFR |d 2025-08-29 |e Daystar University |g 2500.00 |l 0 |o SF239.K4D57 2024 |p BK0113122 |r 2025-08-29 11:26:59 |w 2025-08-29 |x 113122 |y THES | ||
| 952 | |0 0 |1 0 |2 lcc |4 0 |6 SF0239 K4 D57 02024 |7 0 |8 AFR |9 143942 |a DUN |b DUN |c AFR |d 2025-08-29 |e Daystar University |g 2500.00 |l 0 |o SF239.K4D57 2024 |p BK0113123 |r 2025-08-29 11:26:00 |w 2025-08-29 |x 113123 |y THES | ||
| 999 | |c 249079 |d 249078 | ||